000
00229 a2200097 4500
001
38292
100
_a
Storey Richand
245
_a
The art of persuasive communication
260
_a
England
_b
Gower
_c
1997
090
_c
24336
_d
24336
942
_a
NUST-CAE
_c
M
_c
15932
999
_c
273365
_d
273365